000 00728nam a2200205 a 4500
005 20240702063830.0
008 991125s1998 mx 000 0 spa u
035 _aUPN01000002629
049 _aTES
099 _a14842
100 1 _aJiménez Velázquez, Socorro
245 1 0 _aAnálisis de la práctica profesional del pedagogo dentro del contexto penitenciario /
_cSocorro Jiménez Velázquez.
260 _aMéxico :
_bS. Jiménez Velázquez,
_c1998.
300 _a214 h.
500 _a"Unidad 092"
502 _aTesis (Lic. en Pedagogía) -- Universidad Pedagógica Nacional, 1998
650 4 _aMaestros
_xÉtica profesional
_9760
710 2 _aUniversidad Pedagógica Nacional (México).
_bUnidad Ajusco
905 _aTesis
999 _c2629
_d2629